| 000 -LEADER |
| fixed length control field |
01517nam a22001457a 4500 |
| 008 - FIXED-LENGTH DATA ELEMENTS--GENERAL INFORMATION |
| fixed length control field |
210211b ||||| |||| 00| 0 eng d |
| 100 ## - MAIN ENTRY--PERSONAL NAME |
| Personal name |
Groeneveld, Sandra, Bakker, Vincent and Schmidt, Eduard |
| 245 ## - TITLE STATEMENT |
| Title |
Breaking the glass ceiling, but facing a glass cliff? The role of organizational decline in women's representation in leadership positions in Dutch civil service organizations |
| 260 ## - PUBLICATION, DISTRIBUTION, ETC. (IMPRINT) |
| Place of publication, distribution, etc |
Public Administration |
| 300 ## - PHYSICAL DESCRIPTION |
| Extent |
98(2), Jun, 2020: p.441-464 |
| 520 ## - SUMMARY, ETC. |
| Summary, etc |
Despite efforts to increase gender diversity and equality worldwide, women are still underrepresented in leadership positions in public bureaucracies. This article speaks to the debate on how organizational context, more specifically organizational decline, may influence gender representation in such leadership positions. Based on role congruity theory and glass cliff theory this article empirically examines whether and how excessive workforce reductions are associated with changes in the representation of women in leadership positions in Dutch civil service organizations. Panel analyses on administrative data show that women's representation in leadership positions varies over time, but is not significantly affected by excessive workforce reductions. Overall, the analyses do not provide evidence for a glass cliff for women in Dutch civil service organizations. Implications for theory and future research are discussed. – Reproduced |
| 773 ## - HOST ITEM ENTRY |
| Main entry heading |
Public Administration |
| 906 ## - LOCAL DATA ELEMENT F, LDF (RLIN) |
| Subject DIP |
CIVIL SERVICE |
| 942 ## - ADDED ENTRY ELEMENTS (KOHA) |
| Item type |
Articles |